| 000 | 00569nam a2200181Ia 4500 | ||
|---|---|---|---|
| 003 | IN-BaIIA | ||
| 008 | 211028s9999 xx 000 0 eng d | ||
| 040 | _cIIA Library | ||
| 080 |
_a082.2:52 _bIAU-S13 |
||
| 245 | 4 |
_aThe future of the international latitude service _cedited by Paul Melchior |
|
| 260 |
_bObservatoire Royal De Belgeique _c1960 |
||
| 300 | _a97p. | ||
| 490 | _aIAU Symposium; no.13 | ||
| 650 | _aAstronomy and Astrophysics Thesaurus | ||
| 650 | _aGeodesy | ||
| 700 |
_aMelchior, Paul, ed., _93948 |
||
| 942 | _cBK | ||
| 999 |
_c2171 _d2171 |
||